Random Europe Capitals Mystery Route - Statistics

General Stats
  • This quiz has been taken 80,586 times
    72,457 since last reset
  • The average score is 7 of 12
Answers on the Map
Answers color-coded by a green-red scale on the quiz's map according to % correct below.
 
Answer Stats
Route Capital % Correct
Mystery Route Amsterdam
100%
Mystery Route Berlin
100%
Mystery Route Bern
100%
Mystery Route Copenhagen
100%
Mystery Route Dublin
100%
Mystery Route Kyiv
100%
Mystery Route Lisbon
100%
Mystery Route London
100%
Mystery Route Luxembourg
100%
Mystery Route Madrid
100%
Mystery Route Moscow
100%
Mystery Route Moscow
100%
Mystery Route Oslo
100%
Mystery Route Paris
100%
Mystery Route Prague
100%
Mystery Route Reykjavik
100%
Mystery Route Rome/Vatican
100%
Mystery Route Sofia
100%
Mystery Route Stockholm
100%
Mystery Route Valletta
100%
Mystery Route Vienna
100%
Mystery Route Warsaw
100%
Mystery Route Andorra La Vella
99%
Mystery Route Helsinki
99%
Mystery Route Vilnius
99%
r2 Madrid
98%
r8 Madrid
98%
r6 Oslo
98%
r22 Madrid
97%
r17 Paris
97%
r2 Dublin
96%
r22 Lisbon
96%
r11 Oslo
96%
r4 Reykjavik
96%
r6 London
95%
r14 Oslo
95%
r19 Reykjavik
95%
r8 Rome/Vatican
95%
r11 Lisbon
94%
r7 Amsterdam
93%
r24 Brussels
93%
r9 Amsterdam
91%
r22 Amsterdam
91%
r24 Dublin
91%
r7 Reykjavik
91%
r2 Stockholm
91%
r6 Brussels
90%
r4 Warsaw
90%
r10 Warsaw
90%
r18 Bern
89%
r25 Helsinki
89%
r9 Oslo
89%
r25 Berlin
88%
r24 Reykjavik
88%
r10 Copenhagen
87%
r8 Kyiv
87%
r24 Lisbon
87%
r23 Tallinn
85%
r12 Budapest
83%
r14 London
83%
r1 Tirana
83%
r25 Bern
82%
r3 Bratislava
82%
r20 Bucharest
82%
r10 Kyiv
82%
r14 Lisbon
82%
r18 Warsaw
82%
r8 London
81%
r17 Monaco
81%
r16 Budapest
80%
r23 Kyiv
80%
r6 Monaco
80%
r13 Valletta
80%
r11 Andorra La Vella
79%
r23 Berlin
79%
r3 Minsk
79%
r4 Sofia
79%
r12 Warsaw
78%
r23 Paris
77%
r11 Brussels
76%
r6 Copenhagen
76%
r7 Prague
76%
r21 Zagreb
76%
r22 Riga
75%
r1 San Marino
75%
r24 Andorra La Vella
74%
r11 Berlin
74%
r4 Bucharest
74%
r17 Copenhagen
74%
r3 Helsinki
74%
r23 Bern
73%
r12 Brussels
73%
r19 Andorra La Vella
72%
r22 Berlin
72%
r15 San Marino
71%
r18 Tallinn
71%
r25 San Marino
70%
r2 Sarajevo
70%
r4 Valletta
69%
r3 Brussels
68%
r10 Chisinau
68%
r17 Helsinki
68%
r19 Monaco
68%
r23 Monaco
67%
r10 Moscow
67%
r1 Belgrade
66%
r3 London
66%
r18 Luxembourg
66%
r9 San Marino
66%
r6 Vienna
66%
r8 Andorra La Vella
65%
r18 Oslo
65%
r20 Sarajevo
65%
r13 Zagreb
65%
r8 Dublin
64%
r3 Lisbon
64%
r11 Budapest
63%
r16 Chisinau
63%
r17 Kyiv
63%
r10 Stockholm
63%
r18 Helsinki
62%
r5 Vaduz
62%
r10 Amsterdam
61%
r17 Berlin
61%
r16 Bucharest
61%
r21 Chisinau
60%
r12 Ljubljana
60%
r15 Ljubljana
60%
r16 Madrid
60%
r5 Rome/Vatican
60%
r3 Bern
59%
r9 Prague
59%
r1 Pristina
59%
r13 Sarajevo
59%
r23 San Marino
58%
r7 Vilnius
58%
r12 Zagreb
58%
r16 Dublin
57%
r10 London
57%
r25 Sarajevo
57%
r24 Vaduz
57%
r20 Vienna
57%
r10 Dublin
56%
r21 Stockholm
56%
r4 Zagreb
56%
r13 Budapest
55%
r4 Rome/Vatican
55%
r16 Amsterdam
54%
r5 Budapest
54%
r22 Ljubljana
54%
r4 Madrid
54%
r14 Podgorica
54%
r19 Vaduz
54%
r15 Vienna
54%
r21 Warsaw
54%
r20 Monaco
53%
r20 Rome/Vatican
53%
r18 Sofia
53%
r2 Vaduz
53%
r6 Zagreb
53%
r15 Copenhagen
52%
r4 Paris
52%
r1 Riga
52%
r12 Sofia
52%
r24 Tirana
52%
r18 Athens
51%
r2 Berlin
51%
r1 Moscow
51%
r7 Sofia
51%
r10 Valletta
51%
r23 Ljubljana
50%
r11 Podgorica
50%
r25 Tirana
50%
r8 Vilnius
50%
r11 Athens
49%
r25 Athens
49%
r13 Bucharest
49%
r3 Ljubljana
49%
r21 Luxembourg
49%
r2 Paris
49%
r19 Prague
49%
r7 Athens
48%
r8 Helsinki
48%
r21 Paris
48%
r15 Riga
48%
r1 Tallinn
48%
r10 Athens
47%
r17 Belgrade
47%
r5 Chisinau
47%
r8 Moscow
47%
r15 Moscow
47%
r20 Tirana
47%
r24 Belgrade
46%
r14 Pristina
46%
r21 Rome/Vatican
46%
r9 Sarajevo
46%
r6 Tirana
46%
r12 Skopje
45%
r8 Athens
44%
r22 Bratislava
44%
r4 Prague
44%
r13 Stockholm
44%
r1 Amsterdam
43%
r21 San Marino
43%
r18 Skopje
43%
r16 Vaduz
43%
r13 Copenhagen
42%
r19 Zagreb
42%
r2 San Marino
41%
r20 Skopje
41%
r2 Athens
40%
r6 Belgrade
40%
r23 Bratislava
40%
r15 Budapest
40%
r1 Luxembourg
40%
r22 Minsk
40%
r25 Podgorica
40%
r11 Riga
40%
r18 Valletta
40%
r24 Warsaw
40%
r4 Budapest
39%
r14 Riga
39%
r12 Andorra La Vella
38%
r18 Lisbon
38%
r20 Valletta
38%
r20 Madrid
37%
r17 Podgorica
37%
r21 Tirana
37%
r21 Athens
36%
r15 Belgrade
36%
r3 Podgorica
36%
r5 Podgorica
36%
r9 Podgorica
36%
r11 Stockholm
36%
r14 Tallinn
36%
r7 Vaduz
36%
r8 Bucharest
35%
r25 Bucharest
35%
r5 Lisbon
35%
r16 Ljubljana
35%
r23 Sofia
35%
r13 Luxembourg
34%
r21 Moscow
34%
r13 Paris
34%
r12 Reykjavik
34%
r19 Sarajevo
34%
r15 Valletta
34%
r1 Vienna
34%
r14 Helsinki
33%
r16 Oslo
33%
r11 Reykjavik
33%
r15 Rome/Vatican
33%
r7 Vienna
33%
r5 Bern
32%
r20 Brussels
32%
r2 Chisinau
32%
r17 Pristina
32%
r9 Skopje
32%
r24 Vilnius
32%
r23 Skopje
31%
r19 Belgrade
30%
r7 Brussels
30%
r13 Monaco
30%
r12 Copenhagen
29%
r14 Copenhagen
29%
r2 Minsk
29%
r3 Pristina
29%
r17 Sofia
29%
r24 Tallinn
29%
r1 Andorra La Vella
28%
r14 Berlin
28%
r15 Luxembourg
28%
r9 Minsk
28%
r12 Moscow
28%
r22 Pristina
28%
r25 Vienna
28%
r6 Vilnius
28%
r16 Bratislava
27%
r7 Luxembourg
27%
r5 Riga
27%
r20 Tallinn
27%
r17 Bucharest
26%
r22 Belgrade
25%
r19 Bratislava
25%
r6 Kyiv
25%
r16 Minsk
25%
r25 Minsk
25%
r7 Monaco
25%
r14 Prague
25%
r5 Minsk
24%
r13 Vaduz
24%
r9 Vilnius
24%
r3 Chisinau
23%
r19 Kyiv
22%
r5 Tallinn
21%
r5 Dublin
19%
r19 London
19%
r22 Sarajevo
19%
r9 Bratislava
18%
r9 Stockholm
15%
No matching quizzes found
Score Distribution
Percent of People with Each Score
Percentile by Number Answered
Your Score History
You have not taken this quiz since the last reset